000 00708cam a22002293a 4500
001 24587
003 PGUSA
005 20140828083527.0
008 080212s2008||||xxu|||||s|||||000 | eng d
040 _aPGUSA
_beng
042 _adc
050 4 _aPR
100 1 _aCholmondeley, Mary,
_d1859-1925
245 1 4 _aThe Lowest Rung :
_bTogether with The Hand on the Latch, St. Luke's Summer and The Understudy
_h[electronic resource] /
_cMary Cholmondeley
260 _bProject Gutenberg,
_c2008
506 _aPublic domain in the USA.
516 _aElectronic text
653 _aShort stories, English
830 0 _aProject Gutenberg
_v24587
856 4 0 _uhttp://www.gutenberg.org/ebooks/24587
942 _cEB
999 _c253842
_d253842